Top 66 Drugs Generic to Brand Name Quiz Stats

 Plays Quiz not verified by Sporcle

Score 0/66 Timer 15:00
0 Plays Today
Generic Brand Name % Correct
simvastatinzocor
73.7%
atorvastatinlipitor
73.5%
metforminglucophage
70.1%
furosemidelasix
69.7%
pioglitazoneactos
69%
alendronatefosamax
68.2%
clopidogrelplavix
68%
carvedilolcoreg
67.3%
amplodipinenorvasc
66.8%
rosuvastatincrestor
66.8%
losartancozaar
66.1%
valsartandiovan
64.9%
sitagliptinjanuvia
64.7%
olmesartanbenicar
64%
clonidinecatapres
63.7%
ramiprilaltace
63.5%
quinaprilaccupril
63.3%
insulin glarginelantus
63.3%
ezetimibezetia
62.8%
metoprolol succinatetoprol xl
61.8%
atenololtenormin
61.4%
insulin lisprohumalog
61.4%
enalaprilvasotec
60.7%
pravastatinpravachol
60.7%
fenofibratetricor
60.4%
gemfibrozillopid
60%
metoprolol tartratelopressor
59.2%
insulin aspartnovolog
59.2%
losartan hydrochlorothiazidehyzaar
58.5%
ibandronateboniva
58.5%
niacin erniaspan
58.5%
spironolactonealdactone
58.3%
glimepirideamaryl
56.9%
Generic Brand Name % Correct
olmesartan hydrochlorothiazidebenicar hct
56.9%
benazeprillotensin
56.4%
valsartan hydrochlorothiazidediovan hct
54.7%
omega-3-acid ethyl esterslovaza
54.3%
glyburide metforminglucovance
53.8%
glipizideglucotrol
53.8%
irbesartanavapro
53.6%
ezetimibe simvastatinvytorin
53.3%
doxazosincardura
53.1%
lidocainelidoderm
52.8%
amlodipine benazeprillotrel
51.4%
propanololinderal
50.5%
irbesartan hydrochlorothiazideavalide
48.6%
lovastatinmevacor
48.6%
telmisartanmicardis
47.9%
hydrochlorothiazidemicrozide
47.6%
atenolol chlorthalidonetenoretic
45.7%
lisinoprilzestril, prinivil
44.8%
nitroglycerinnitrostat, nitroquick
41.2%
bisoprolol hydrochlorothiazideziac
40.5%
felodipine erplendil
40.5%
warfarincoumadin, jantoven
40.3%
isosorbide mononitrateimdur, ismo
39.1%
lisinopril hydrochlorothiazidezestoretic, prinzide
38.6%
digoxindigitek, lanoxin
37.7%
risedronateactonel, actonel 150
37.4%
glyburidediabeta, micronase, glynase
35.3%
triamterene hydrochlorothiazidedyazide, maxzide
32.7%
metformin erglucophage xr, glumetza
32%
levothyroxinesynthroid, levoxyl, levothroid
30.8%
nifedipine erprocardia xl, adalat cc
28%
diltiazem cd, diltiazem srcartia xt, cardiazem cd, cardiazem sr
23.2%
verapamil srcalan sr, verelan, isoptin sr
21.6%

You're not logged in!

Compare scores with friends on all Sporcle quizzes.
OR
Log In

Show Comments

Extras

Top Quizzes Today


Score Distribution

Your Account Isn't Verified!

In order to create a playlist on Sporcle, you need to verify the email address you used during registration. Go to your Sporcle Settings to finish the process.

Report this User

Report this user for behavior that violates our Community Guidelines.

Details: